| 000 | 00466nam a2200181Ia 4500 | ||
|---|---|---|---|
| 008 | 240925s9999 xx 000 0 und d | ||
| 020 | _a9780070172869 | ||
| 082 | _a650.01513 CRO | ||
| 100 | _aNot - Available; Croucher | ||
| 245 | 0 | _aMathematicsToolbox | |
| 250 | _aNA | ||
| 260 |
_aAustralia: _bMcgraw Hill Pvt Ltd _c,2008. |
||
| 300 |
_a732p. _bN.A _fOriginal |
||
| 500 | _aIncludes Index | ||
| 600 | _aSocial Sciences | ||
| 650 | _aManagement | ||
| 942 | _cBK | ||
| 999 |
_c14512 _d14512 |
||